• 首页
  • 本馆介绍
  • 公告通知
  • 最新文献
  • 馆藏检索
  • 电子资源
  • 读者导购
  • 参考咨询
  • 我的图书馆
  • 登录
  • 详细信息显示
  • 放入我的书架
  • 预约/预借图书
  • 作者相关作品
  • 分类相关作品
  • 丛书相关作品
  • 出版社相关作品

书目信息

  • 表格格式
  • 工作单格式
  • 卡片格式
题名:
《逸周书》文系年注析
    
 
作者: 姚蓉 撰
分册:  
出版信息: 桂林   广西师范大学出版社  2015
页数: 22,24,296页
开本: 23cm
丛书名: 先秦文系年注析系列丛书
单 册:
中图分类: K224.04
科图分类:
主题词: 西周时代--xi zhou shi dai--历史--研究
电子资源:
ISBN: 978-7-5495-7700-2
000 01120nam0 22002771 450
001 1731236541
005 20170602161212.0
010    @a978-7-5495-7700-2@dCNY68.00
100    @a20160711d2015 em y0chiy50 ea
101 0  @achi
102    @aCN@b450000
105    @ay z 000yy
106    @ar
200 1  @a《逸周书》文系年注析@Ayi zhou shu wen xi nian zhu xi@f姚蓉撰
210    @a桂林@c广西师范大学出版社@d2015
215    @a22,24,296页@d23cm
225 2  @a先秦文系年注析系列丛书@Axian qin wen xi nian zhu xi xi lie cong shu@f邵炳军主编
300    @a上海市本级学科建设资助项目
330    @a本书分为导言、正文、附录三部分,主要概述《逸周书》的史传文化传统、成书、编撰体例、思想内容、文学特色、文体特色及对后世的影响,重点评析《逸周书》所载散文的作者群体、文体类别、思想内容、文学特色、历史发展进程以及对后世散文创作的影响。
461    @12001 @a先秦文系年注析系列丛书
605    @a《逸周书》@Ayi zhou shu@x注释
606 0  @a西周时代@Axi zhou shi dai@x历史@x研究
690    @aK224.04@v5
701  0 @a姚蓉@Ayao rong@c(女,@f1972~)@4撰
801  0 @aCN@bTANG WEI@c20170527
905    @b0970563-7@dK224.04@e32@f5
    
    《逸周书》文系年注析/姚蓉撰.-桂林:广西师范大学出版社,2015
    22,24,296页;23cm.-(先秦文系年注析系列丛书/邵炳军主编)
    上海市本级学科建设资助项目
    
    ISBN 978-7-5495-7700-2:CNY68.00
    本书分为导言、正文、附录三部分,主要概述《逸周书》的史传文化传统、成书、编撰体例、思想内容、文学特色、文体特色及对后世的影响,重点评析《逸周书》所载散文的作者群体、文体类别、思想内容、文学特色、历史发展进程以及对后世散文创作的影响。
●
相关链接 在E读中查询图书 在五车中查询图书 在当当中查询图书 在豆瓣中查询图书


正题名:《逸周书》文系年注析     索取号:K224.04/32         预约/预借

序号 登录号 条形码 馆藏地/架位号 状态 备注
1 0970563   209705639   第二样本阅览室/ [索取号:K224.04/32] 在馆    
2 0970564   209705648   密集书库-史法系/ [索取号:K224.04/32] 在馆    
3 0970565   209705657   第二借阅区/ [索取号:K224.04/32] 在馆    
4 0970566   209705666   第二借阅区/ [索取号:K224.04/32] 在馆    
5 0970567   209705675   第二借阅区/ [索取号:K224.04/32] 在馆    
唐山师范学院图书馆 欢迎您!
大连网信软件有限公司© 版权所有